000
00373nam a2200133Ia 4500
008
151001s9999||||xx |||||||||||||| ||und||
100
_a
पार्वतीबाई आठवले
245
_a
माझी कहाणी
250
_a
2
260
_b
"राजहंस प्रकाशन,पुणे "
260
_c
2013
300
_a
100
365
_b
21
999
_c
1002059
_d
1002056